000 01922nam a2200229Ia 4500
003 Ost
005 20260507075613.0
008 260507s9999||||xx |||||||||||||| ||und||
020 _a9789961015810
040 _cfsecg
041 _aara
082 _a1.6062
100 _aنوري، منير
_eمؤلف
245 0 _aنظام المعلومات المطبق في التسيير /
_c منير نوري
260 _aالجزائر:
_bديوان المطبوعات الجامعية,
_c2015
300 _a212 صفحة؛
_bإيضاحات ؛
_c22 سم
504 _aالمراجع ص.207
520 _aنظرا لأن الكتابات الموجودة في مجال نظم المعلومات تتجه أكثر الى التركيز على نظم المعلومات الآلية القريبة أكثر من طلبة الاعلام الآلي والجذوع المشتركة العلمية،تأتي أهمية تقديم هذا الكتاب حول نظام المعلومات عموما ونظام المعلومات الإدارية خصوصا الذي يهم طلبة العلوم الانسانية والاجتماعية عموما وعلوم التسيير خصوصا، حيث تبقى هذه الفروع في حاجة ماسة الى مراجع تتكيف مع ما يحتاجونه في دراستهم في العلوم الاقتصادية وعلوم التسيير وخاصة طلبة ادارة الاعمال الذين يهتمون اكثر بكيفية استخدام الوسائل التكنولوجية الحديثة المرتبطة بنظم المعلومات وبالاعلام الآلي لفهم وتسهيل العملية الادارية في منظمات اللأعمال الخاصة والعمومية اضافة الى قطاع الخدمات بمختلف فروعه.
653 _aنظام المعلومات
653 _aنظم المعلومات الإدارية
942 _cكتاب
999 _c45096
_d45096